Nurses' drug guide/ (Record no. 7000)

MARC details
000 -LEADER
fixed length control field 00693nam a22002177a 4500
003 - CONTROL NUMBER IDENTIFIER
control field OSt
005 - DATE AND TIME OF LATEST TRANSACTION
control field 20251206033924.0
008 - FIXED-LENGTH DATA ELEMENTS--GENERAL INFORMATION
fixed length control field 251206b |||||||| |||| 00| 0 eng d
020 ## - INTERNATIONAL STANDARD BOOK NUMBER
International Standard Book Number 0-8385-7070-4.
040 ## - CATALOGING SOURCE
Original cataloging agency DWCL-Main lib.
Transcribing agency OC
082 ## - DEWEY DECIMAL CLASSIFICATION NUMBER
Classification number Circ. 615.12 W474n 1994
100 ## - MAIN ENTRY--PERSONAL NAME
Personal name Wilson, Billie Ann
245 ## - TITLE STATEMENT
Title Nurses' drug guide/
Statement of responsibility, etc. Billie Ann Wilson
260 ## - PUBLICATION, DISTRIBUTION, ETC.
Place of publication, distribution, etc. Conn. :
Name of publisher, distributor, etc. Appleton & Lange,
Date of publication, distribution, etc. c1994.
300 ## - PHYSICAL DESCRIPTION
Extent xix, 1,446 p. ;
Dimensions 19 cm.
650 ## - SUBJECT ADDED ENTRY--TOPICAL TERM
Topical term or geographic name entry element 1. Drug therapy-Nursing-Handbooks.
650 ## - SUBJECT ADDED ENTRY--TOPICAL TERM
Topical term or geographic name entry element 2. Pharmaceutical preparations-Nurses' instruction-Periodicals.
700 ## - ADDED ENTRY--PERSONAL NAME
Personal name Shannon, Margaret T.
700 ## - ADDED ENTRY--PERSONAL NAME
Dates associated with a name Stang, Carolyn L.
942 ## - ADDED ENTRY ELEMENTS (KOHA)
Source of classification or shelving scheme Dewey Decimal Classification
Koha item type Book Circulation
Classification part Circ.
Suppress in OPAC No
952 ## - LOCATION AND ITEM INFORMATION (KOHA)
--
Holdings
Withdrawn status Lost status Source of classification or shelving scheme Damaged status Not for loan Home library Current library Shelving location Date acquired Source of acquisition Cost, normal purchase price Total Checkouts Full call number Barcode Date last seen Copy number Price effective from Koha item type Uniform Resource Identifier
    Dewey Decimal Classification     College Library HM & Nursing Library Circulation 01/21/2008 Donation 0.00   Circ. 615.12 W474n 1994 CL45562 12/06/2025 c1 12/06/2025 BK-CIRC